Statistics for Chess Openings by Position

Click here to take the quiz!

General Stats

  • This quiz has been taken 41 times
  • The average score is 6 of 12

Answer Stats

Answer% Correct
French Defense
94%
Dutch Defense
61%
Sicilian Defense, Alapin
61%
Slav Defense
61%
Nimzo-Indian Defense
58%
Catalan Opening
45%
Danish Gambit
45%
Stafford Gambit
45%
Ponziani Opening
42%
Evans Gambit
39%
Old Benoni Defense
39%
Hungarian Opening
32%

Score Distribution

Percentile by Number Answered

Percent of People with Each Score

Your Score History

You have not taken this quiz